000 00414nam a2200181Ia 4500
001 17588
005 20260306171528.0
008 260306s9999||||xx |||||||||||||| ||und||
041 _aESP
082 _a658.05
_bL29
100 _aLaudon, Kenneth C.
_eAUT
245 0 _ae-commerce
260 _c2010
300 _axxxvi, 809 páginas :
_c25 cm.
650 _aGEN
654 _aCAN
942 _cLIB
_dJUS
_fJUS
_2ddc
_n
999 _c17588
_d17588